AGAD TANTRA (Record no. 7877)

MARC details
000 -LEADER
fixed length control field 00292nam a2200121Ia 4500
082 ## - DEWEY DECIMAL CLASSIFICATION NUMBER
Classification number 615.53
Item number A 12 S
100 ## - MAIN ENTRY--PERSONAL NAME
Personal name SHARMA, NITIN
245 ## - TITLE STATEMENT
Title AGAD TANTRA
260 ## - PUBLICATION, DISTRIBUTION, ETC. (IMPRINT)
Name of publisher, distributor, etc CHAUKHAMBHA PUB. NEW DELHI
Year of Publication 2012
300 ## - PAGE DESCRIPTION
No. of Pages 252
942 ## - ADDED ENTRY ELEMENTS (KOHA)
Source of classification or shelving scheme Dewey Decimal Classification
Koha item type Books
942 ## - ADDED ENTRY ELEMENTS (KOHA)
-- 12
Holdings
Withdrawn status Lost status Source of classification or shelving scheme Damaged status Not for loan Collection code Home library Current library Date acquired Vendor Name Cost, normal purchase price SGTU Bill Number Total Checkouts Full call number Accession No. (Barcode) Date last seen Date last borrowed Bill Date Koha item type Total Renewals
    Dewey Decimal Classification     AYURVEDA SGT FA-FP Library SGT FA-FP Library 14/09/2015 CHAUKHAMBHA PUB. NEW DELHI 425.00 SGTU CP/B/788 25 615.53 A 12 S FA1721 19/05/2025 06/05/2025 28/01/2015 Books  
    Dewey Decimal Classification     AYURVEDA SGT FA-FP Library SGT FA-FP Library 14/09/2015 CHAUKHAMBHA PUB. NEW DELHI 425.00 SGTU CP/B/788   615.53 A 12 S FA1722 14/09/2015   28/01/2015 Books  
    Dewey Decimal Classification     AYURVEDA SGT FA-FP Library SGT FA-FP Library 14/09/2015 CHAUKHAMBHA PUB. NEW DELHI 425.00 SGTU CP/B/788 9 615.53 A 12 S FA1723 10/06/2025 10/06/2025 28/01/2015 Books 1
    Dewey Decimal Classification     AYURVEDA SGT FA-FP Library SGT FA-FP Library 14/09/2015 CHAUKHAMBHA PUB. NEW DELHI 425.00 SGTU CP/B/788 5 615.53 A 12 S FA1724 24/06/2024 20/06/2024 28/01/2015 Books  
    Dewey Decimal Classification     AYURVEDA SGT FA-FP Library SGT FA-FP Library 14/09/2015 CHAUKHAMBHA PUB. NEW DELHI 425.00 SGTU CP/B/788 6 615.53 A 12 S FA1725 23/10/2020 12/10/2020 28/01/2015 Books